ბათუმის შოთა რუსთაველის სახელმწიფო უნივერსიტეტის ბიბლიოთეკა

დიპლომატიის ანბანი / (ბიბ.ჩანაწერი № 58974)

000 -ლიდერი
ფიქსირებული სიგრძის საკონტროლო ველი 00866nam a22001937a 4500
003 - საკონტროლო ნომრის იდენტიფიკატორი
საკონტროლო ველი Ge_BSU
005 - ბოლო ოპერაციის თარიღი და დრო
საკონტროლო ველი 20221025163216.0
008 - ფიქსირებული სიგრძის მონაცემთა ელემენტები - ზოგადი ინფორმაცია
ფიქსირებული სიგრძის საკონტროლო ველი 221025s1993 ge ||||| |||| 00| 0 geo d
041 ## - ენის კოდი
Language code of text/sound track or separate title geo
080 ## - უნივერსალური ათობითი კლასიფიკაციის ინდექსი
Universal Decimal Classification number 327 ჭ-49
100 ## - მთავარი ჩანაწერი - პიროვნების სახელი
Personal name ჭიპაშვილი, ჰამლეტ
9 (RLIN) 15541
245 ## - ცნობა სათაურის შესახებ
Title დიპლომატიის ანბანი /
Statement of responsibility, etc ჰამლეტ ჭიპაშვილი ; [რედ.: ილია ტაბაღუა, ჯონდო ქილარჯიანი].
264 ## - წარმოების, გამოცემის, დისტრიბუციის და სხვა ცნობები
გამოცემის, წარმოების, დისტრიბუციის... ადგილი თბილისი :
გამოცემის, წარმოების, დისტრიბუციის... სახელწოდება იანუსი,
გამოცემის, წარმოების, დისტრიბუციის... თარიღი 1993.
300 ## - ფიზიკური აღწერა
Extent 260 გვ. ;
Other physical details 20 სმ.
653 ## - INDEX TERM--UNCONTROLLED
Uncontrolled term დიპლომატია
700 ## - ADDED ENTRY--PERSONAL NAME
Personal name ტაბაღუა, ილია
Relator term რედაქტორი
9 (RLIN) 15474
700 ## - ADDED ENTRY--PERSONAL NAME
Personal name ქილარჯიანი, ჯონდო
Relator term რედაქტორი
9 (RLIN) 15542
942 ## - ADDED ENTRY ELEMENTS (KOHA)
Source of classification or shelving scheme
Koha item type წიგნი
ეგზემპლარები
ჩამოწერის სტატუსი დაკარგული ეგზემპლარის სტატუსი კლასიფიკაციის წყარო ან თაროზე გაწყობის სქემა დაზიანების სტატუსი არ გაიცემა მუდმივი მდებარეობა (დაცვის ადგილი) ამჟამინდელი ადგილსამყოფელი თაროზე განთავსების ადგილი შეძენის თარიღი ღირებულება, შესყიდვის ნორმალური ფასი სრული შენახვის შიფრი შტრიხკოდი ბოლო ოპერაციის თარიღი ეგზემპლარის მიმდევრობითი ნომერი (კეტერი?) ფასის ძალაში შესვლის თარიღი ეგზემპლარის სახეობა საჯარო შენიშვნა
          ბათუმის შოთა რუსთაველის სახელმწიფო უნივერსიტეტის მთავარი ბიბლიოთეკა ბათუმის შოთა რუსთაველის სახელმწიფო უნივერსიტეტის მთავარი ბიბლიოთეკა წიგნსაცავი 2022-10-25 7.00 327 ჭ-49 28773 2022-10-25 28773 2022-10-25 წიგნი 7 ლ.